MARC details
| 000 -LEADER |
| fixed length control field |
01409cam a2200337 a 4500 |
| 001 - CONTROL NUMBER |
| control field |
1596950 |
| 003 - CONTROL NUMBER IDENTIFIER |
| control field |
BDDh-ASL |
| 005 - DATE AND TIME OF LATEST TRANSACTION |
| control field |
20231015030126.0 |
| 008 - FIXED-LENGTH DATA ELEMENTS--GENERAL INFORMATION |
| fixed length control field |
940520s1995 enk b 001 0 eng |
| 010 ## - LIBRARY OF CONGRESS CONTROL NUMBER |
| LC control number |
94021334 |
| 020 ## - INTERNATIONAL STANDARD BOOK NUMBER |
| International Standard Book Number |
0521452899 (hardback) |
| 040 ## - CATALOGING SOURCE |
| Original cataloging agency |
DLC |
| Transcribing agency |
DLC |
| Modifying agency |
DLC |
| -- |
BDDh-ASL |
| 043 ## - GEOGRAPHIC AREA CODE |
| Geographic area code |
a-pk--- |
| 050 00 - LIBRARY OF CONGRESS CALL NUMBER |
| Classification number |
KPL3409 |
| Item number |
.N49 1995 |
| 082 00 - DEWEY DECIMAL CLASSIFICATION NUMBER |
| Classification number |
347.5491 |
| -- |
342.547 |
| Edition number |
20 |
| Item number |
NEJ |
| 100 1# - MAIN ENTRY--PERSONAL NAME |
| Personal name |
Newberg, Paula R., |
| Dates associated with a name |
1952- |
| 245 10 - TITLE STATEMENT |
| Title |
Judging the state : |
| Remainder of title |
courts and constitutional politics in Pakistan / |
| Statement of responsibility, etc. |
Paula R. Newberg. |
| 260 ## - PUBLICATION, DISTRIBUTION, ETC. |
| Place of publication, distribution, etc. |
Cambridge ; |
| -- |
New York, NY : |
| Name of publisher, distributor, etc. |
Cambridge University Press, |
| Date of publication, distribution, etc. |
1995. |
| 300 ## - PHYSICAL DESCRIPTION |
| Extent |
xi, 284 p. ; |
| Dimensions |
24 cm. |
| 440 #0 - SERIES STATEMENT/ADDED ENTRY--TITLE |
| Title |
Cambridge South Asian studies ; |
| Volume/sequential designation |
59 |
| 504 ## - BIBLIOGRAPHY, ETC. NOTE |
| Bibliography, etc. note |
Includes bibliographical references (p. 262-277) and index. |
| 650 #0 - SUBJECT ADDED ENTRY--TOPICAL TERM |
| Topical term or geographic name entry element |
Justice, Administration of |
| Geographic subdivision |
Pakistan. |
| 650 #0 - SUBJECT ADDED ENTRY--TOPICAL TERM |
| Topical term or geographic name entry element |
Political questions and judicial power |
| Geographic subdivision |
Pakistan. |
| 650 #0 - SUBJECT ADDED ENTRY--TOPICAL TERM |
| Topical term or geographic name entry element |
Law |
| General subdivision |
Political aspects. |
| 856 41 - ELECTRONIC LOCATION AND ACCESS |
| Materials specified |
Sample text |
| Uniform Resource Identifier |
<a href="http://www.loc.gov/catdir/samples/cam031/94021334.html">http://www.loc.gov/catdir/samples/cam031/94021334.html</a> |
| 856 42 - ELECTRONIC LOCATION AND ACCESS |
| Materials specified |
Publisher description |
| Uniform Resource Identifier |
<a href="http://www.loc.gov/catdir/description/cam026/94021334.html">http://www.loc.gov/catdir/description/cam026/94021334.html</a> |
| 856 41 - ELECTRONIC LOCATION AND ACCESS |
| Materials specified |
Table of contents |
| Uniform Resource Identifier |
<a href="http://www.loc.gov/catdir/toc/cam022/94021334.html">http://www.loc.gov/catdir/toc/cam022/94021334.html</a> |
| 906 ## - LOCAL DATA ELEMENT F, LDF (RLIN) |
| a |
7 |
| b |
cbc |
| c |
orignew |
| d |
1 |
| e |
ocip |
| f |
19 |
| g |
y-gencatlg |
| 942 ## - ADDED ENTRY ELEMENTS (KOHA) |
| Source of classification or shelving scheme |
Dewey Decimal Classification |
| Koha item type |
Books |